00401nam a2200181Ia 4500008004100000020001800041050001400059100001800073245001100091245001800102260001500120260001600135260000900151300001400160300002700174300001000201500000800211170918s9999 xx 000 0 und d a9780439686181 bH513 1993 aHenkes, Kevin aOwen / cKevin Henkes. aNew York : bScholastic, c1993 aunpaged : bcolored illustration ; c25cm. a370